000 00626nam a2200229Ia 4500
003 OSt
005 20220928110832.0
006 a|||||r|||| 00| 0
007 ta
008 220927b |||||||| |||| 00| 0 eng d
024 _a61639
037 _cTextual
040 _aSDCL
_cSDCL
_beng
041 _2eng
_aeng
082 _aO152,1N55x, G9.2
100 _aUppadhaya Badrinarayana
_9420812
245 0 _aPremghan Sarvasava.
260 _aPrayag
_bHindi sahatiya samamalan.
_c2007
300 _a540p
_ccm.
942 _hO152,1N55x, G9.2
_cTEXL
_2CC
999 _c737087
_d737087